[Event "RUS-chT Blitz Men 2018"]
[Site "Sochi"]
[Date "2018.10.10"]
[Round "11"]
[White "Triapishko, Alexandr"]
[Black "Potapov, Pavel"]
[Result "1/2-1/2"]
[WhiteElo "2508"]
[BlackElo "2515"]
[Annotator "TA"]
[PlyCount "83"]
[EventDate "2018.10.10"]
[EventType "swiss"]
[EventCountry "RUS"]
[SourceTitle "playchess.com"]
[Source "ChessBase"]
[SourceQuality "1"]

{[%evp 25,83,34,27,15,106,108,101,100,100,99,97,47,106,104,99,100,105,104,112,112,109,88,94,91,93,78,110,110,97,97,105,97,100,93,121,97,130,134,157,154,154,137,221,114,114,114,109,51,52,45,57,39,39,0,0,0,0,0,0,0]} 1. Nf3 f5 2. g3 Nf6 3. Bg2 g6 4. b3 Bg7 5. Bb2 d6 6. d4 O-O 7. O-O Ne4 8. c4 Nc6 9. Nc3 Nxc3 10. Bxc3 e5 11. dxe5 dxe5 12. Qd5+ Kh8 13. Qxd8 {A89: Dutch Defence: Leningrad System: 5 Nf3 0-0 6 0-0 d6 7 Nc3 Nc6} (13. Qc5 Re8 14. Rad1 Qe7 15. Qxe7 Rxe7 16. Rd2 Kg8 17. Rfd1 h6 18. e4 g5 19. exf5 Bxf5 20. h3 Bg6 21. Rd7 Rae8 22. Rxe7 Rxe7 23. Nd2 e4 24. Bxg7 Kxg7 25. Re1 Nb4 {½-½ (25) Baumbach,F (2495)-Langeveld,R (2681) ICCF email 2006}) 13... Rxd8 {LiveBook: 25 Games} 14. Rad1 Be6 $146 (14... e4 $11 {remains equal.} 15. Rxd8+ Nxd8) ({Predecessor:} 14... Rxd1) 15. Ng5 $16 {White is better.} Bg8 16. Bxc6 bxc6 17. Nf3 e4 18. Bxg7+ Kxg7 19. Ne5 Rd6 20. Rxd6 cxd6 21. Nxc6 {[%mdl 4096] Endgame Strongly threatening Rd1. KRB-KRN} d5 {[#]} 22. cxd5 $1 Bxd5 23. Nb4 Be6 24. Rc1 a5 25. Nc6 a4 26. Nd4 Bf7 27. e3 Rb8 28. Rc3 axb3 29. axb3 Ra8 30. Kg2 Ra1 31. h3 Rb1 32. g4 fxg4 33. hxg4 h5 {[#]} (33... Kf6 $16 34. Rc7 Bg8) 34. gxh5 (34. g5 $1 $18) 34... gxh5 35. Rc6 Bxb3 36. Rb6 (36. Nxb3 $16 Rxb3 37. Rc4) 36... Ba2 37. Nf5+ Kf7 38. Nd6+ Ke7 39. Rxb1 Bxb1 {The position is equal.} 40. Nf5+ Kf6 41. Nh4 Kg5 42. Kg3 {Precision: White = 70%, Black = 52%.} 1/2-1/2

[Event "RUS-chT Blitz Men 2018"]
[Site "Sochi"]
[Date "2018.10.10"]
[Round "11"]
[White "Afanasiev, Nikita"]
[Black "Timofeev, Artyom"]
[Result "1/2-1/2"]
[WhiteElo "2487"]
[BlackElo "2580"]
[Annotator "TA"]
[PlyCount "92"]
[EventDate "2018.10.10"]
[EventType "swiss"]
[EventCountry "RUS"]
[SourceTitle "playchess.com"]
[Source "ChessBase"]
[SourceQuality "1"]

{[%evp 18,92,28,3,22,35,33,42,49,41,30,0,0,0,0,-34,12,-40,-36,-38,-39,-33,-33,-33,-33,-33,-36,-37,-33,-33,-33,-64,0,0,0,0,0,0,0,-5,-5,-57,-58,-58,-58,-58,-58,-58,-58,-58,-58,-58,-36,-36,-36,-36,0,-36,0,-36,0,-36,-36,-36,-36,-36,0,-36,0,-36,0,-36,0,-36,0,-36,0]} 1. d4 Nf6 2. c4 g6 3. Nf3 Bg7 4. g3 c5 5. Bg2 cxd4 6. Nxd4 Nc6 7. O-O O-O 8. Nc3 Qa5 9. Nc2 d6 10. h3 Bd7 {A38: Symmetrical English vs ...g6: 4 Bg2 Bg7 5 Nf3 Nf6} 11. Bd2 Qh5 12. e4 (12. g4 Bxg4 13. hxg4 Nxg4 14. Bf4 Be5 15. Qd2 g5 16. Bxe5 Ncxe5 17. Rfd1 Qh4 18. Qe1 {1-0 (59) Martinez Alcantara,J (2493)-Hernandez Guerrero,G (2525) Arica 2017}) 12... Qxd1 {White is slightly better.} 13. Rfxd1 $146 ({Predecessor:} 13. Raxd1 Rfc8 14. b3 a5 15. Bg5 Be6 16. Ne3 Nd7 17. Ned5 Kf8 18. Na4 {½-½ (55) Hadet,E (2005)-Chevrier,T (2163) Avoine 2009}) 13... a6 14. Nd5 Nxd5 15. cxd5 Ne5 16. Bc3 Rac8 17. Ne3 ({White should play} 17. f4 $11 Nc4 18. Bxg7 Kxg7 19. b3) 17... Nc4 $15 18. Bxg7 Kxg7 19. Nxc4 Rxc4 20. Rd2 Rfc8 21. f4 a5 22. Kf2 h5 23. h4 b5 24. a3 Rc1 (24... b4 $15) 25. Rxc1 $11 Rxc1 {[%mdl 4096] Endgame KRB-KRB} 26. Bf1 b4 27. axb4 axb4 28. b3 Bg4 29. Rd4 (29. Bc4 $11) 29... Rc2+ $15 30. Ke3 Rc3+ 31. Rd3 Rc1 $1 {[%cal Rc1f1]} 32. Kf2 Rb1 33. e5 Rb2+ 34. Ke1 Bf5 35. Re3 Rb1+ 36. Kf2 Rb2+ 37. Ke1 $1 Rb1+ 38. Kf2 Rb2+ 39. Ke1 $1 Kf8 40. Bb5 Rb1+ 41. Kd2 Rb2+ 42. Ke1 Rb1+ 43. Kd2 Rb2+ 44. Ke1 Rb1+ 45. Kd2 Rb2+ 46. Ke1 Rb1+ {Precision: White = 74%, Black = 49%.} 1/2-1/2

[Event "RUS-chT Blitz Men 2018"]
[Site "Sochi"]
[Date "2018.10.10"]
[Round "11"]
[White "Kezin, Roman"]
[Black "Kryakvin, Dmitry"]
[Result "0-1"]
[WhiteElo "2471"]
[BlackElo "2595"]
[Annotator "TA"]
[PlyCount "96"]
[EventDate "2018.10.10"]
[EventType "swiss"]
[EventCountry "RUS"]
[SourceTitle "playchess.com"]
[Source "ChessBase"]
[SourceQuality "1"]

{[%evp 17,96,18,45,43,29,42,37,37,42,38,110,106,110,103,112,84,106,77,87,-20,-18,-75,-65,-73,-65,-86,-105,-88,-92,-143,-140,-156,-156,-157,-130,-114,-100,-110,-107,-93,-110,-281,-235,-192,-207,-274,-275,-272,-228,-295,-297,-325,-297,-432,-422,-577,-558,-597,-595,-529,-577,-547,-497,-708,-702,-681,-668,-1104,-1078,-2298,-1997,-29985,-29986,-29986,-29987,-29987,-29988,-29988,-29989,-29993,-29989]} 1. d4 Nf6 2. c4 g6 3. Nc3 Bg7 4. e4 d6 5. Nf3 O-O 6. h3 e5 7. d5 a5 8. Bg5 Na6 9. g4 Qe8 10. Nd2 {E90: King's Indian: Classical: Early deviations and 6 h3} Nd7 11. a3 Nb6 12. Be2 {White is slightly better.} Bd7 13. Qc2 {[#]} a4 $146 (13... Nc5 $14) ({Predecessor:} 13... Na4 14. Nb5 N4c5 15. Nc3 Na4 16. Nb5 N4c5 17. h4 f5 18. gxf5 gxf5 {½-½ (64) Borstnik,A (2579)-Dothan,Y (2588) ICCF email 2014}) 14. O-O-O Nc5 15. Be3 Ra5 16. g5 f5 17. gxf6 Rxf6 18. Bg4 (18. h4 $16) 18... Qf8 $11 19. Bxd7 (19. f3 $11) 19... Nbxd7 $17 20. h4 {[#]} Bh6 $1 21. h5 {White wants to play Bxh6.} Bxe3 22. fxe3 g5 23. Rdf1 {[#]} ({Better is} 23. Kb1) 23... Nb3+ $1 {[%mdl 512]} 24. Kd1 {[#]} (24. Nxb3 Rxf1+) 24... Nxd2 $1 25. Rxf6 Qxf6 26. Kxd2 Qf2+ 27. Kc1 Qxe3+ 28. Kb1 Ra8 29. Rf1 $2 (29. Qg2 $17 {keeps fighting.}) 29... Rf8 30. Rxf8+ Nxf8 31. Qxa4 g4 {[%cal Bg5g4,Bg4g3,Bg3g2][%mdl 32]} 32. Qd1 Qg5 33. Ne2 g3 ({Weaker is} 33... Qxh5 34. Ng3 $17) 34. Qf1 {intending Qg2.} g2 35. Qf2 (35. Qf5 $142 g1=Q+ 36. Nxg1 Qxg1+ 37. Kc2) 35... Nd7 $19 36. Ng3 Nf6 (36... Qd2 $2 37. Qxd2 g1=Q+ 38. Ka2 $19) 37. Qxg2 {[#]} Nxh5 $1 {[%mdl 512]} 38. Qh3 (38. Nxh5 Qxg2) 38... Nxg3 39. Qc8+ Kf7 40. Qxc7+ (40. Qxb7 $142 Qd8 41. Qb3) 40... Qe7 41. Qc8 Nxe4 42. Ka2 Nf6 43. a4 e4 {[%cal Be5e4,Be4e3,Be3e2][%mdl 32]} 44. Qh3 e3 {Black mates.} 45. Qf1 e2 46. Qe1 Qe3 47. a5 Ne4 48. a6 bxa6 {Precision: White = 37%, Black = 89%.} 0-1

[Event "RUS-chT Blitz Men 2018"]
[Site "Sochi"]
[Date "2018.10.10"]
[Round "11"]
[White "Gutenev, Alexander"]
[Black "Kobalia, Mikhail"]
[Result "1-0"]
[WhiteElo "2456"]
[BlackElo "2620"]
[Annotator "TA"]
[PlyCount "57"]
[EventDate "2018.10.10"]
[EventType "swiss"]
[EventCountry "RUS"]
[SourceTitle "playchess.com"]
[Source "ChessBase"]
[SourceQuality "1"]

{[%evp 18,57,29,7,53,46,41,39,106,114,135,122,365,360,359,358,341,370,346,333,355,346,456,447,445,441,453,448,445,451,477,463,556,524,667,622,785,778,29996,29997,29997,29998]} 1. e4 e5 2. Nf3 Nc6 3. Bb5 g6 4. d4 exd4 5. Bg5 Be7 6. Bxe7 Qxe7 7. Bxc6 dxc6 8. Qxd4 Nf6 9. Nc3 Bg4 {C60: Ruy Lopez: Unusual Black 3rd moves and 3...g6} 10. Nd2 {LiveBook: 72 Games} a5 (10... c5 11. Qe3 O-O-O 12. f3 Be6 13. O-O-O b6 14. g4 Nd7 15. h3 Ne5 16. f4 Nc6 17. Nf3 {0-1 (34) Guseinov,G (2645)-Carlsen,M (2832) chess.com INT 2017}) 11. h3 Be6 {White is slightly better.} 12. f4 h5 $146 ({Black should try} 12... c5 $14 13. Qf2 b6) ({Predecessor:} 12... c5 13. Qe3 O-O 14. O-O Rad8 15. Nf3 Rfe8 16. Rfe1 Bc8 17. Qf2 {½-½ (36) Bronnikova,E (2254)-Makarenko,A (2142) Moscow 2013}) 13. O-O-O $16 c5 14. Qe5 Bc8 $2 {[#]} (14... h4 $16) 15. Nb5 $18 Kf8 16. Nxc7 ({Not} 16. Qxc7 Be6 $18) 16... Ra7 17. Nc4 Qxe5 18. fxe5 Nxe4 19. Rhe1 ({Don't play} 19. Rd8+ Kg7 $18) 19... Ng5 20. Rd8+ Kg7 21. Ne8+ Rxe8 22. Rxe8 Be6 23. Nd6 h4 24. Rb8 c4 25. Rd1 c3 26. bxc3 Bxa2 27. Rd4 {[#] Threatening mate with Ne8+.} a4 28. Ne8+ Kf8 29. Nf6+ {Precision: White = 86%, Black = 28%.} 1-0

[Event "RUS-chT Blitz Men 2018"]
[Site "Sochi"]
[Date "2018.10.10"]
[Round "11"]
[White "Usmanov, Vasily"]
[Black "Moiseenko, Vadim"]
[Result "1/2-1/2"]
[WhiteElo "2453"]
[BlackElo "2492"]
[Annotator "TA"]
[PlyCount "123"]
[EventDate "2018.10.10"]
[EventType "swiss"]
[EventCountry "RUS"]
[SourceTitle "playchess.com"]
[Source "ChessBase"]
[SourceQuality "1"]

{[%evp 16,123,8,-27,8,10,14,2,40,37,45,41,41,47,47,47,48,31,44,23,19,0,0,-39,-6,-13,-6,-10,-9,-9,-16,-13,-10,-2,0,-31,-31,-31,-31,-31,-31,-62,-20,-104,-14,-31,-31,-31,-14,-14,0,-29,-28,-27,-14,-32,-14,-31,-14,-14,-14,-14,-14,-14,-14,-14,-14,-14,-14,-14,0,-14,0,-14,-14,-14,-14,-14,0,0,43,43,43,43,102,90,110,-38,-46,-50,-72,-137,-125,-98,-94,-126,-80,-80,0,0,0,0,0,0,0,0,0,0,0,0]} 1. Nf3 b6 2. c4 Bb7 3. d4 e6 4. Bg5 Be7 5. Bxe7 Qxe7 6. e3 Nf6 7. Nc3 Ne4 8. Nxe4 Bxe4 9. Bd3 Qb4+ {E12: Queen's Indian: Unusual White 4th moves, 4 a3, 4 Nc3 Bb7 5 a3 and 4 Nc3 Bb7} 10. Qd2 Qxd2+ 11. Kxd2 Bxf3 (11... Bb7 {is more complex.} 12. Rhb1 d6 13. b4 Nd7 14. b5 Ke7) (11... Bxd3 12. Kxd3 a5 13. Rhc1 Ke7 14. Nd2 Rc8 15. b3 d6 16. a3 Na6 17. Ne4 Rab8 18. Rab1 c6 19. Nc3 {½-½ (19) Kogan,A (2530)-Epishin,V (2643) Port Erin 2002}) 12. gxf3 Ke7 $146 ({Predecessor:} 12... Nc6 13. Be4 O-O-O 14. Rhg1 g6 15. Bxc6 dxc6 16. Kc3 Rd7 17. h4 {0-1 (56) Le,Q (1457)-Nguyen,T Ho Chi Minh City 2016}) 13. h4 h5 14. Rhg1 g6 15. b4 d6 16. Rg5 Nd7 17. a4 c5 18. Kc3 cxd4+ 19. Kxd4 Ne5 20. Be2 $1 a5 21. bxa5 Rxa5 22. f4 Nc6+ 23. Kc3 Rc8 24. Rb5 Ra6 25. Kb3 Na5+ 26. Kb4 Nb7 27. Bd3 Rc7 28. Be4 Na5 29. Rc1 {[#]} (29. Bd3 $11) 29... Rca7 (29... d5 $1 $17 {[%cal Rd5e4][%mdl 512]} 30. Bd3 (30. cxd5 Rxc1) 30... Nb7) 30. Ra1 Kd7 31. Bf3 Kc7 32. Ra3 Kd7 33. Be4 Rc7 {[%csl Ga5][%cal Rc7c4] [#]} 34. Rc3 Rc8 35. Bf3 Kc7 36. Be4 Rd8 (36... Kd8 {with more complications.} 37. Rg5 Rb8 38. Ka3 Ra7 39. Rb5 Kd7) 37. Bf3 Nc6+ 38. Bxc6 Kxc6 $11 {[%mdl 4096] Endgame KRR-KRR} 39. Rd3 Rda8 40. Ra3 Ra5 41. Ra2 R8a7 42. Ra3 Ra8 43. Ra1 Rc8 44. Rd1 Ra7 45. Rd2 Rg8 46. Rd1 f6 47. Rg1 Rga8 48. Rxg6 Rxa4+ 49. Kc3 Ra3+ (49... d5 $14 50. Rb4 Ra3+ 51. Rb3 Kc5) 50. Kd4 $16 e5+ 51. Ke4 (51. fxe5 $16 fxe5+ 52. Rxe5) 51... R8a4 $15 52. Rb2 Rxc4+ 53. Kf3 (53. Kf5 $142) 53... exf4 54. Rxf6 fxe3 55. fxe3 Rxh4 56. Rd2 Rh3+ (56... b5 $17 {White must now prevent ...Rh3+.} 57. Rdxd6+ Kc5 58. Rc6+ Kb4 59. Rf4+ Rxf4+ 60. Kxf4 Ra2) 57. Kg2 $11 {The position is equal.} Rhxe3 58. Rdxd6+ Kc5 {aiming for ...Rg3+.} 59. Rc6+ Kd5 {And now ...Rg3+ would win.} 60. Rfd6+ Ke5 {Hoping for ...Re2+.} 61. Re6+ Kf4 62. Rxe3 {Precision: White = 52%, Black = 43%.} 1/2-1/2

[Event "RUS-chT Blitz Men 2018"]
[Site "Sochi"]
[Date "2018.10.10"]
[Round "11"]
[White "Sharafiev, Azat"]
[Black "Apryshko, Gleb"]
[Result "1-0"]
[WhiteElo "2432"]
[BlackElo "2399"]
[Annotator "TA"]
[PlyCount "79"]
[EventDate "2018.10.10"]
[EventType "swiss"]
[EventCountry "RUS"]
[SourceTitle "playchess.com"]
[Source "ChessBase"]
[SourceQuality "1"]

{[%evp 9,79,41,52,46,52,47,45,46,47,37,68,59,65,0,3,0,10,0,0,0,52,36,66,72,67,61,93,75,100,80,154,144,151,71,57,75,72,24,14,21,210,214,322,318,327,327,407,306,521,235,284,250,659,620,651,666,864,847,1085,1083,5327,2158,29990,29982,29982,29982,29982,2096,2096,1309,29992,29993]} 1. e4 g6 2. d4 Bg7 3. Nf3 d6 4. Bc4 e6 5. O-O a6 (5... Ne7 6. Bb3 h6 7. c3 Nd7 8. a4 a5 9. Ne1 b6 10. f4 Ba6 11. Rf2 d5 12. e5 h5 13. Bc2 Bf8 14. Bd3 Bxd3 15. Qxd3 {½-½ (94) Bosiocic,M (2610)-Rapport,R (2696) Karlsruhe 2017}) 6. c3 {B06: Modern Defence} Nd7 7. Re1 Ne7 8. Bf4 $146 {White is slightly better.} ({Predecessor:} 8. Nbd2 O-O 9. Bb3 b5 10. a4 Rb8 11. axb5 axb5 12. Nf1 c5 13. Bc2 Qc7 14. Bg5 Nc6 15. Qd2 Nb6 16. Ne3 {½-½ (16) Brynell,S (2489)-Haub,T (2476) Ballerup 2012}) 8... h6 9. e5 b5 {...dxe5 is the strong threat.} 10. Bb3 Nb6 11. exd6 (11. Nbd2 $14) 11... cxd6 $11 12. h3 Bb7 13. Nbd2 Rc8 14. Ne4 Rc6 (14... Bxe4 $11 15. Rxe4 O-O) 15. a4 $14 {Strongly threatening axb5.} bxa4 16. Rxa4 O-O 17. Ra2 Ned5 18. Bh2 f5 19. Ned2 Qf6 (19... Re8 $142) 20. Qe2 $16 Re8 21. Nc4 ({White should play} 21. Rxa6 {aiming for Bxd5.} Bxa6 22. Qxa6) 21... Nxc4 22. Bxc4 Nc7 23. Bb3 {And now Ba4 would win.} Rb6 24. Nd2 Kh7 $2 {[#]} (24... Qg5 $11 25. f4 Qh4) 25. Ba4 $1 $18 {Threatens to win with Nc4.} Bc6 (25... Qg5 {is a better defense.} 26. f4 Qe7 27. Bxe8 Qxe8) 26. Nc4 ({Don't take} 26. Bxd6 Qd8 $18) 26... Bxa4 27. Rxa4 ({Don't play} 27. Nxb6 Bb5 $18) 27... Rb3 28. Nxd6 Reb8 $2 (28... Re7 {was called for.} 29. Nc4 e5 30. Bxe5 Qe6) 29. Nc4 (29. Qc4 $142) 29... f4 30. Qe4 Qg5 $2 (30... Rf8 31. Qc6 Qd8) 31. Bxf4 Qb5 32. Ra5 Qxc4 33. Rc5 Qa4 34. Rxc7 Rxb2 35. Qxe6 (35. Be5 $142 Rg8 36. Bxg7) 35... Rb1 {[#]} 36. Rxg7+ $1 Kxg7 37. Be5+ Kf8 38. Bd6+ (38. Qf6+ $142 Ke8 39. Qxg6+ Kd8 40. Bf6+ Kc7 41. Qf7+ Qd7 42. Be5+ Kd8 43. Qf8+ Qe8 44. Qd6+ Qd7 45. Bf6+ Kc8 46. Qf8+ Kb7 47. Rxb1+ Qb5 48. Rxb5+ axb5 49. Qc5) 38... Kg7 39. Bxb8 Rxb8 40. Qe5+ {Precision: White = 47%, Black = 34%.} 1-0

[Event "RUS-chT Blitz Men 2018"]
[Site "Sochi"]
[Date "2018.10.10"]
[Round "11"]
[White "Lugovskoy, Maxim"]
[Black "Iljiushenok, Ilia"]
[Result "0-1"]
[WhiteElo "2428"]
[BlackElo "2539"]
[Annotator "TA"]
[PlyCount "106"]
[EventDate "2018.10.10"]
[EventType "swiss"]
[EventCountry "RUS"]
[SourceTitle "playchess.com"]
[Source "ChessBase"]
[SourceQuality "1"]

{[%evp 15,106,34,59,29,31,8,71,62,78,35,94,-27,-27,-40,-41,-60,-34,-112,-41,-52,-47,-47,-47,-49,-47,-41,-45,-60,-27,-44,-40,-112,-79,-108,-80,-226,-216,-258,-280,-255,-272,-350,-339,-309,-151,-157,-112,-150,-143,-247,-138,-138,-140,-188,-23,-43,0,-199,-164,-218,-210,-434,-101,-92,-87,-246,-261,-249,-239,-249,-231,-595,-587,-477,-391,-684,-634,-1791,-1467,-29982,-29983,-6319,-2547,-1718,-527,-520,-505,-471,-462,-29988,-29989,-29989,-29989]} 1. d4 Nf6 2. Nc3 d5 3. Bf4 c6 4. e3 Bf5 5. f3 Bg6 6. g4 {[%cal Bg2g4,Bg4g5][%mdl 32] D00: Damenbauernspiele} e6 7. h4 h5 8. g5 Ng8 {LiveBook: 11 Partien} 9. Nge2 $146 ({Vorgänger:} 9. Qd2 Bb4 10. a3 Ba5 11. Nh3 Nd7 12. Qh2 {½-½ (61) Sadorra,J (2539)-Olafsson,H (2508) chess.com INT 2018}) 9... Nd7 10. Bh3 Ne7 (10... Bb4 $11 {hält das Gleichgewicht.}) 11. e4 $16 Nc8 12. Qd2 Bd6 {[#]} (12... Nd6 $14) 13. e5 (13. Bxd6 $1 $16 Nxd6 14. Nf4) 13... Bb4 $11 14. Bg3 Ne7 15. Nf4 Bf5 16. Bg2 (16. Nd3 $15 Ba5 17. O-O-O) 16... g6 (16... c5 $17 17. a3 Bxc3 18. bxc3 Rc8) 17. a3 Bxc3 18. bxc3 Nb6 19. Bf1 Nc4 20. Bxc4 $1 dxc4 21. a4 Nd5 22. Rb1 Rb8 23. Ne2 ({Günstiger ist} 23. Kf2 $15) 23... O-O 24. O-O Qa5 25. Be1 (25. Rfc1 $17) 25... Qxa4 $19 26. Rc1 b5 27. Ng3 a5 28. Qe2 Qa3 29. Bd2 Qe7 ({Weniger gut wäre} 29... Nxc3 30. Qe3 $17) (29... Qb2 $19 {bietet bessere Gewinnchancen.} 30. Ne4 Bxe4 31. fxe4 Nxc3) 30. Ne4 $17 Rb6 31. Nf6+ Kh8 32. f4 (32. Ne4 $17 {kämpft weiter.}) 32... Nxf6 (32... Ra8 $19 33. Qd1 a4) 33. gxf6 Qd7 34. Kh2 Bg4 $2 ({Besser ist} 34... Qd5 $19 {Und ...b4 würde nun gewinnen.} 35. Ra1 b4) 35. Qe3 $1 $11 {Weiss droht f5! und Matt.} Bf5 36. Rg1 $2 (36. Qe2 $1 $11 {und Weiss ist OK.}) 36... Qd5 37. Rce1 (37. Ra1 $142) 37... b4 $19 38. Rg5 $2 (38. Rg2 {war angesagt.}) 38... bxc3 $2 (38... b3 $19 {Droht ...b2 und aus.} 39. Qg3 Rg8 40. cxb3 cxb3) 39. Bxc3 $17 Rfb8 (39... Bxc2 {[#]} 40. f5 $1 $18 {[%mdl 512]}) 40. Qe2 $2 (40. Rgg1 $17) 40... Rb1 $19 41. Rgg1 Rxe1 42. Rxe1 a4 {[%cal Ba5a4,Ba4a3][%mdl 32]} 43. Qf2 $2 (43. Ra1) 43... a3 44. Ra1 Ra8 45. Bb4 $2 (45. Ra2 Qe4 46. Bb4) 45... a2 46. c3 Qe4 47. Rxa2 Rxa2 48. Qxa2 Qxf4+ (48... Qe1 $142 49. Qg2 Be4 50. Qxe4 Qxe4) 49. Kg1 Qg3+ (49... Qc1+ $142 50. Kf2 Bd3 51. Qa8+ Kh7 52. Qxc6 Qf1+ 53. Kg3 Qe1+ 54. Kh3 Be4 55. Qxe4 Qxe4) 50. Qg2 Qe1+ 51. Qf1 Qxh4 52. Qxc4 (52. Qf2 $19 Qg5+ 53. Qg2 Qe3+ 54. Qf2) 52... Qg3+ 53. Kf1 Bd3+ {Precision: Weiß = 14%, Schwarz = 44%.} 0-1

[Event "RUS-chT Blitz Men 2018"]
[Site "Sochi"]
[Date "2018.10.10"]
[Round "11"]
[White "Savitskiy, Sergey"]
[Black "Kurbedinov, Ramis"]
[Result "1-0"]
[WhiteElo "2413"]
[BlackElo "2305"]
[Annotator "TA"]
[PlyCount "69"]
[EventDate "2018.10.10"]
[EventType "swiss"]
[EventCountry "RUS"]
[SourceTitle "playchess.com"]
[Source "ChessBase"]
[SourceQuality "1"]

{[%evp 9,69,-10,0,0,5,-22,-8,-19,-25,-16,0,-23,0,0,-9,0,0,0,59,25,58,55,232,233,302,296,277,303,305,296,302,295,273,298,271,283,263,269,255,284,275,241,231,240,349,347,399,403,403,419,496,472,510,504,647,582,581,573,662,613,773,745]} 1. e4 g6 2. Nc3 Bg7 3. h4 h5 4. Bc4 (4. d4 c6 5. Nf3 d6 6. Be2 Bg4 7. Ng5 Bxe2 8. Nxe2 e6 9. Be3 Nf6 10. Qd3 Ng4 11. Bd2 Nd7 12. f3 Ngf6 {1-0 (30) Potapov,P (2493)-Anton Guijarro,D (2650) Doha 2016}) 4... d6 5. d3 Nf6 6. Bg5 {B06: Modern Defence} c6 7. a3 $146 ({Predecessor:} 7. a4 Nbd7 8. d4 Nh7 9. Be3 Ndf6 10. Qd2 Bd7 {1-0 (35) Ho,S (1636)-Flores,D (1818) San Francisco 2015}) 7... Nbd7 8. Nge2 {The position is equal.} b5 9. Ba2 Bb7 10. Qd2 Qc7 11. f3 e6 12. d4 a6 13. O-O-O Nh7 ({Black should try} 13... c5 $11) 14. Be3 O-O-O 15. Kb1 e5 $2 (15... c5 $14) 16. Bxf7 $18 exd4 17. Nxd4 {[#] And now Ne6 would win.} ({Don't do} 17. Bxd4 Ne5 $18) 17... Ne5 18. Ba2 Nf8 19. Bg5 Re8 20. Nde2 Ne6 21. Qxd6 Qxd6 22. Rxd6 Nxg5 23. hxg5 Kc7 24. Rhd1 {[#] Threatens to win with f4.} Bf8 25. R6d2 Bc8 26. f4 Ng4 (26... Nc4 {is a better defense.} 27. Bxc4 bxc4) 27. Bf7 Re7 28. Bxg6 Ne3 29. Rh1 Bg4 30. Ng3 {White is clearly winning.} h4 31. Nf5 Nxf5 32. exf5 {[%cal Be4f5,Bf5f6,Bf6f7][%mdl 32]} Re3 33. f6 Bc5 34. Ne4 Bb6 35. f7 {Precision: White = 65%, Black = 41%.} 1-0

[Event "RUS-chT Blitz Men 2018"]
[Site "Sochi"]
[Date "2018.10.10"]
[Round "11"]
[White "Sergeyev, Alexander"]
[Black "Jary, Sergey"]
[Result "1/2-1/2"]
[WhiteElo "2397"]
[BlackElo "2286"]
[Annotator "NA"]
[PlyCount "35"]
[EventDate "2018.10.10"]
[EventType "swiss"]
[EventCountry "RUS"]
[SourceTitle "playchess.com"]
[Source "ChessBase"]
[SourceQuality "1"]
[TimeControl "180+2"]

1. d4 {[%emt 0:00:00]} Nf6 {[%emt 0:00:00]} 2. Nf3 {[%emt 0:00:01]} e6 {[%emt 0:00:03]} 3. c4 {[%emt 0:00:03]} Bb4+ {[%emt 0:00:01]} 4. Nbd2 {[%emt 0:00:03]} O-O {[%emt 0:00:03]} 5. a3 {[%emt 0:00:02]} Be7 {[%emt 0:00:01]} 6. b4 {[%emt 0:00:03]} d5 {[%emt 0:00:00]} 7. Bb2 {[%emt 0:00:01]} b6 {[%emt 0:00:02]} 8. cxd5 {[%emt 0:00:07]} exd5 {[%emt 0:00:04]} 9. e3 {[%emt 0:00:01]} Bb7 {[%emt 0:00:00]} 10. Bd3 {[%emt 0:00:03]} Nbd7 {[%emt 0:00:06]} 11. O-O {[%emt 0:00:06]} Bd6 {[%emt 0:00:02]} 12. Ne5 {[%emt 0:00:11]} Re8 {[%emt 0:00:06]} 13. f4 {[%emt 0:00:04]} Qe7 {[%emt 0:00:07]} 14. Rf3 {[%emt 0:00:07]} Ne4 {[%emt 0:00:09]} 15. Qc2 {[%emt 0:00:11]} f5 {[%emt 0:00:07]} 16. Nc6 {[%emt 0:00:22]} Qe6 {[%emt 0:00:18]} 17. Ne5 {[%emt 0:00:12]} Qe7 {[%emt 0:00:02]} 18. Qd1 1/2-1/2

[Event "RUS-chT Blitz Men 2018"]
[Site "Sochi"]
[Date "2018.10.10"]
[Round "11"]
[White "Gogolev, Artem"]
[Black "Romanov, Evgeny"]
[Result "0-1"]
[WhiteElo "2389"]
[BlackElo "2614"]
[Annotator "TA"]
[PlyCount "52"]
[EventDate "2018.10.10"]
[EventType "swiss"]
[EventCountry "RUS"]
[SourceTitle "playchess.com"]
[Source "ChessBase"]
[SourceQuality "1"]

{[%evp 13,52,7,12,8,16,0,0,0,7,0,24,19,13,0,0,0,14,0,2,-234,-216,-235,-247,-284,-199,-187,-188,-733,-631,-893,-902,-896,-895,-1001,-1007,-1031,-904,-959,-942,-1918,-1436]} 1. Nf3 Nf6 2. g3 b6 3. Bg2 Bb7 4. O-O g6 5. b3 Bg7 6. Bb2 O-O 7. c4 e6 8. e3 {A15: English Opening: 1...Nf6} (8. d4 d5 9. Nbd2 Nbd7 10. Rc1 Re8 11. b4 a5 12. b5 a4 13. Ba3 Ne4 14. e3 f5 15. Qc2 dxc4 16. Nxc4 Bd5 {1-0 (59) Meier,G (2650)-Bortnyk,O (2610) Riadh 2017}) 8... d5 9. cxd5 exd5 10. Nc3 {The position is equal.} Re8 11. Qc2 $146 ({Predecessor:} 11. Rc1 Na6 12. d4 c6 13. Ne2 Qd6 14. Ne5 Nd7 15. Nd3 Nb4 {1-0 (43) Zaragatski,I (2472)-Goormachtigh,J (2164) Belgium 2015}) 11... a6 12. Rac1 Nbd7 13. a3 c5 14. d4 Rc8 15. dxc5 bxc5 16. b4 $2 {[#]} (16. Rfd1 $11) 16... d4 $1 $19 {[%mdl 512] And now ...cxb4 would win.} 17. exd4 Bxf3 $1 18. dxc5 Bxg2 19. Kxg2 Qc7 20. Rfd1 $2 (20. Ne2) 20... Qc6+ {Black is clearly winning.} 21. Kg1 Ne5 {[%cal Bd7e5,Be5f3,Bf3h2,Bh2f3,Bf3e1][%mdl 32] [#] Strongly threatening ...Nf3+.} 22. Rd6 Nf3+ 23. Kf1 Nxh2+ 24. Kg1 Nf3+ 25. Kf1 Qb7 26. Rcd1 Ne1 {Precision: White = 28%, Black = 77%.} 0-1